Statistics for Google Services

Click here to take the quiz!

General Stats

  • This quiz has been taken 259 times
  • The average score is 8 of 25

Answer Stats

Answer% Correct
Gmail
80%
Search
80%
Maps
78%
Drive
71%
YouTube
57%
Play
46%
Images
44%
News
43%
Translate
39%
Chrome
35%
Google+
33%
Video Search
32%
Calendar
29%
Books
28%
Earth
28%
Photos
25%
Hangout
23%
Blogger
14%
Picasa
11%
Finance
9%
Groups
7%
Toolbar
4%
Code
3%
Orkut
2%
Panoramio
1%

Score Distribution

Percentile by Number Answered

Percent of People with Each Score

Your Score History

You have not taken this quiz